000 00702nam a2200181Ia 4500
008 151018s9999 xx 000 0 und d
082 _bRBASDV11047
_a891.463
100 _aदुर्गा - भागवत
245 _aकाश्मीरच्या लोककथा भाग पाचवा
250 _b1
260 _bवरदा बुक्स
_c1976
300 _a93
600 _aदुर्गा - भागवत
630 _aकाश्मीरच्या लोककथा भाग पाचवा
700 _aदुर्गा - भागवत
730 _aकाश्मीरच्या लोककथा भाग पाचवा
942 _cBOOK
999 _c1013399
_d1013396